<?xml version="1.0" encoding="UTF-8"?>
<record
    xmlns:xsi="http://www.w3.org/2001/XMLSchema-instance"
    xsi:schemaLocation="http://www.loc.gov/MARC21/slim http://www.loc.gov/standards/marcxml/schema/MARC21slim.xsd"
    xmlns="http://www.loc.gov/MARC21/slim">

  <leader>01732nam a2200277Ia 4500</leader>
  <datafield tag="952" ind1=" " ind2=" ">
    <subfield code="0">0</subfield>
    <subfield code="1">0</subfield>
    <subfield code="2">lcc</subfield>
    <subfield code="4">0</subfield>
    <subfield code="7">0</subfield>
    <subfield code="a">04</subfield>
    <subfield code="b">04</subfield>
    <subfield code="d">2008-07-31</subfield>
    <subfield code="l">35</subfield>
    <subfield code="m">5</subfield>
    <subfield code="o">JX6133.M4 C65 2004</subfield>
    <subfield code="p">04 001735</subfield>
    <subfield code="r">2020-02-24</subfield>
    <subfield code="s">2020-02-20</subfield>
    <subfield code="t">1</subfield>
    <subfield code="w">2023-11-02</subfield>
    <subfield code="y">LB</subfield>
  </datafield>
  <datafield tag="952" ind1=" " ind2=" ">
    <subfield code="0">0</subfield>
    <subfield code="1">0</subfield>
    <subfield code="2">lcc</subfield>
    <subfield code="4">0</subfield>
    <subfield code="7">0</subfield>
    <subfield code="a">04</subfield>
    <subfield code="b">04</subfield>
    <subfield code="d">2008-07-31</subfield>
    <subfield code="l">69</subfield>
    <subfield code="m">1</subfield>
    <subfield code="o">JX6133.M4 C65 2004</subfield>
    <subfield code="p">04 001736</subfield>
    <subfield code="r">2020-02-24</subfield>
    <subfield code="s">2020-02-21</subfield>
    <subfield code="t">2</subfield>
    <subfield code="w">2023-11-02</subfield>
    <subfield code="y">LB</subfield>
  </datafield>
  <datafield tag="952" ind1=" " ind2=" ">
    <subfield code="0">0</subfield>
    <subfield code="1">0</subfield>
    <subfield code="2">lcc</subfield>
    <subfield code="4">0</subfield>
    <subfield code="7">0</subfield>
    <subfield code="a">04</subfield>
    <subfield code="b">04</subfield>
    <subfield code="d">2008-07-31</subfield>
    <subfield code="l">74</subfield>
    <subfield code="m">5</subfield>
    <subfield code="o">JX6133.M4 C65 2004</subfield>
    <subfield code="p">04 001737</subfield>
    <subfield code="r">2020-02-24</subfield>
    <subfield code="s">2020-02-21</subfield>
    <subfield code="t">3</subfield>
    <subfield code="w">2023-11-02</subfield>
    <subfield code="y">LB</subfield>
  </datafield>
  <datafield tag="952" ind1=" " ind2=" ">
    <subfield code="0">0</subfield>
    <subfield code="1">0</subfield>
    <subfield code="2">lcc</subfield>
    <subfield code="4">0</subfield>
    <subfield code="7">0</subfield>
    <subfield code="a">04</subfield>
    <subfield code="b">04</subfield>
    <subfield code="d">2010-12-15</subfield>
    <subfield code="l">75</subfield>
    <subfield code="m">7</subfield>
    <subfield code="o">JX6133.M4 C65 2004</subfield>
    <subfield code="p">04 002873</subfield>
    <subfield code="r">2025-07-12</subfield>
    <subfield code="s">2025-07-07</subfield>
    <subfield code="t">4</subfield>
    <subfield code="w">2023-11-02</subfield>
    <subfield code="y">LB</subfield>
  </datafield>
  <datafield tag="952" ind1=" " ind2=" ">
    <subfield code="0">0</subfield>
    <subfield code="1">0</subfield>
    <subfield code="4">0</subfield>
    <subfield code="7">0</subfield>
    <subfield code="a">22</subfield>
    <subfield code="b">22</subfield>
    <subfield code="d">2019-06-24</subfield>
    <subfield code="l">0</subfield>
    <subfield code="o">JX6133.M4 C65 2004</subfield>
    <subfield code="p">24 001093</subfield>
    <subfield code="r">2019-06-24</subfield>
    <subfield code="t">1</subfield>
    <subfield code="w">2019-06-24</subfield>
    <subfield code="y">LB</subfield>
  </datafield>
  <datafield tag="999" ind1=" " ind2=" ">
    <subfield code="c">62200</subfield>
    <subfield code="d">62200</subfield>
  </datafield>
  <controlfield tag="008">120625s2004    mx            001 0 spa d</controlfield>
  <datafield tag="020" ind1=" " ind2=" ">
    <subfield code="a">9789706137876</subfield>
  </datafield>
  <datafield tag="020" ind1=" " ind2=" ">
    <subfield code="a">9706137874</subfield>
  </datafield>
  <datafield tag="050" ind1=" " ind2="4">
    <subfield code="a">JX6133.M4</subfield>
    <subfield code="b">C65 2004</subfield>
  </datafield>
  <datafield tag="100" ind1="1" ind2=" ">
    <subfield code="a">Contreras Vaca, Francisco Jos&#xE9;</subfield>
    <subfield code="e"> , autor</subfield>
  </datafield>
  <datafield tag="245" ind1="1" ind2="0">
    <subfield code="a">Derecho internacional privado</subfield>
    <subfield code="b"> : parte general</subfield>
    <subfield code="c"> / Francisco Jos&#xE9; Contreras Vaca</subfield>
  </datafield>
  <datafield tag="250" ind1=" " ind2=" ">
    <subfield code="a">4a. edici&#xF3;n</subfield>
  </datafield>
  <datafield tag="260" ind1=" " ind2=" ">
    <subfield code="a">M&#xE9;xico</subfield>
    <subfield code="b"> : Oxford</subfield>
    <subfield code="c"> , 2004</subfield>
  </datafield>
  <datafield tag="300" ind1=" " ind2=" ">
    <subfield code="a">xx, 388 p&#xE1;ginas</subfield>
    <subfield code="c"> ; 23 cm. </subfield>
  </datafield>
  <datafield tag="490" ind1="0" ind2=" ">
    <subfield code="a">Textos Jur&#xED;dicos Universitarios</subfield>
  </datafield>
  <datafield tag="500" ind1=" " ind2=" ">
    <subfield code="a">3a. reimpresi&#xF3;n 2007</subfield>
  </datafield>
  <datafield tag="504" ind1=" " ind2=" ">
    <subfield code="a">Bibliograf&#xED;a: pp. 371-377</subfield>
  </datafield>
  <datafield tag="505" ind1="0" ind2=" ">
    <subfield code="a">Conceptos generales 
Organismos y tratados internacionales atinentes a la materia 
Convergencia de normas procesales de fijaci&#xF3;n de comnpetencia 
Conflictos de competencia judicial 
Cooperaci&#xF3;n judicial internacional 
Auxilio judicial 
Exhortos 
Reconocimiento de validez y ejecuci&#xF3;n de sentencias 
Aspectos del a cooperaci&#xF3;n procesal en materia penal 
Extradici&#xF3;n Exhosrtos en el &#xE1;rea penal 
Convergencia de normas jur&#xED;dicas 
Aplicaci&#xF3;n de la norma conflictual 
Evoluci&#xF3;n hist&#xF3;rica en la soluci&#xF3;n de los conflictos de leyes 
Normas conflictuales en el derecho mexicano 
Soluci&#xF3;n de los conflictos de leyes interestaduales o interestatales 
Nacionalidad 
Condici&#xF3;n jur&#xED;dica del extranjero o derecho de extranjer&#xED;a </subfield>
  </datafield>
  <datafield tag="519" ind1=" " ind2=" ">
    <subfield code="a">Plan Flexible / </subfield>
    <subfield code="b">Derecho / </subfield>
    <subfield code="c">Derecho Internacional Privado (P30) / </subfield>
    <subfield code="d">(04 002873)</subfield>
  </datafield>
  <datafield tag="519" ind1=" " ind2=" ">
    <subfield code="a">Material Complementario / </subfield>
    <subfield code="d">(04 001735)</subfield>
  </datafield>
  <datafield tag="519" ind1=" " ind2=" ">
    <subfield code="a">Material Complementario / </subfield>
    <subfield code="d">(04 001736)</subfield>
  </datafield>
  <datafield tag="519" ind1=" " ind2=" ">
    <subfield code="a">Material Complementario / </subfield>
    <subfield code="d">(04 001737)</subfield>
  </datafield>
  <datafield tag="519" ind1=" " ind2=" ">
    <subfield code="a">Material Complementario / </subfield>
    <subfield code="d">(24 001093)</subfield>
  </datafield>
  <datafield tag="650" ind1=" " ind2="4">
    <subfield code="a">DERECHO INTERNACIONAL </subfield>
  </datafield>
  <datafield tag="942" ind1=" " ind2=" ">
    <subfield code="c">LB</subfield>
  </datafield>
</record>
